<?xml version="1.0" encoding="UTF-8"?><?xml-stylesheet type="text/xsl" href="static/style.xsl"?><OAI-PMH xmlns="http://www.openarchives.org/OAI/2.0/" xmlns:xsi="http://www.w3.org/2001/XMLSchema-instance" xsi:schemaLocation="http://www.openarchives.org/OAI/2.0/ http://www.openarchives.org/OAI/2.0/OAI-PMH.xsd"><responseDate>2026-04-27T21:32:08Z</responseDate><request verb="GetRecord" identifier="oai:uvadoc.uva.es:10324/839" metadataPrefix="marc">https://uvadoc.uva.es/oai/request</request><GetRecord><record><header><identifier>oai:uvadoc.uva.es:10324/839</identifier><datestamp>2021-06-23T16:38:53Z</datestamp><setSpec>com_10324_30605</setSpec><setSpec>com_10324_894</setSpec><setSpec>col_10324_41</setSpec></header><metadata><record xmlns="http://www.loc.gov/MARC21/slim" xmlns:doc="http://www.lyncode.com/xoai" xmlns:xsi="http://www.w3.org/2001/XMLSchema-instance" xmlns:dcterms="http://purl.org/dc/terms/" xsi:schemaLocation="http://www.loc.gov/MARC21/slim http://www.loc.gov/standards/marcxml/schema/MARC21slim.xsd">
<leader>00925njm 22002777a 4500</leader>
<datafield tag="042" ind1=" " ind2=" ">
<subfield code="a">dc</subfield>
</datafield>
<datafield tag="720" ind1=" " ind2=" ">
<subfield code="a">Herrero de Aza, Celia</subfield>
<subfield code="e">author</subfield>
</datafield>
<datafield tag="260" ind1=" " ind2=" ">
<subfield code="c">2011</subfield>
</datafield>
<datafield tag="520" ind1=" " ind2=" ">
<subfield code="a">El aumento de las concentraciones de gases efecto invernadero junto con los cambios de uso de&#xd;
la tierra está provocando un incremento de la temperatura de la Tierra. En este contexto, los&#xd;
bosques pueden ayudar a mitigar los efectos del cambio climático debido a su potencial como&#xd;
sumideros de carbono. Pero, ¿cuánto C puede almacenar una masa forestal?. Para responder esta&#xd;
pregunta se realizaron muestreos con el objetivo de cuantificar el contenido de C en la biomasa&#xd;
arbórea, el estrato arbustivo y de matorral, la madera muerta, la hojarasca y el suelo en dos&#xd;
ecosistemas forestales mediterráneos, pinares de repoblación [pinares de laricio (Pinus nigra&#xd;
Arn.), negral (Pinus pinaster Ait.) y silvestre (Pinus sylvestris L.)] y rebollares naturales (Quercus&#xd;
pyrenaica Willd.). Los resultados obtenidos han mostrado que los ecosistemas estudiados son&#xd;
sumideros, la selvicultura aplicada y la capacidad tecnológica del rodal determinan el carbono&#xd;
total que se retiene y se extrae en el ecosistema.</subfield>
</datafield>
<datafield tag="024" ind2=" " ind1="8">
<subfield code="a">http://uvadoc.uva.es/handle/10324/839</subfield>
</datafield>
<datafield tag="024" ind2=" " ind1="8">
<subfield code="a">b1617253</subfield>
</datafield>
<datafield tag="024" ind2=" " ind1="8">
<subfield code="a">10.35376/10324/839</subfield>
</datafield>
<datafield ind1=" " ind2=" " tag="653">
<subfield code="a">Biomasa</subfield>
</datafield>
<datafield ind1=" " ind2=" " tag="653">
<subfield code="a">Ecología Forestal</subfield>
</datafield>
<datafield ind1=" " ind2=" " tag="653">
<subfield code="a">Suelos</subfield>
</datafield>
<datafield ind1=" " ind2=" " tag="653">
<subfield code="a">Clima-Cambios</subfield>
</datafield>
<datafield ind1=" " ind2=" " tag="653">
<subfield code="a">Pinos</subfield>
</datafield>
<datafield tag="245" ind1="0" ind2="0">
<subfield code="a">Cuantificación de carbono en pinares (Pinus nigra Arn., Pinus pinaster Ait., Pinus sylvestris L.) y rebollares</subfield>
</datafield>
</record></metadata></record></GetRecord></OAI-PMH>